000 00513nam a22001817a 4500
008 201229b xxu||||| |||| 00| 0 eng d
020 _a9993369373
041 _aEng.
082 _a418/Sh23t
100 _aSharma, Uma N.
_925296
245 _aA text book of applied linguistics
260 _aKathmandu:
_bStudents Books Publishers and Distributors,
_c2005AD
300 _a306p.;illus.
504 _aBibliography: p. 303-305
650 _aLinguistics
650 _aApplied linguistics
942 _2ddc
_cISBN
999 _c97311
_d97300